Statistics for Oldest Metro Systems Quiz

Click here to take the quiz!

General Stats

  • This quiz has been taken 266 times
  • The average score is 20 of 30

Answer Stats

Year City % Correct
1863London
100%
1904New York
98%
1900Paris
98%
1935Moscow
94%
1902Berlin
92%
1919Madrid
90%
1925Tokyo
89%
1955Rome
88%
1897Chicago
87%
1897Boston
79%
1964Milan
79%
1924Barcelona
78%
1955Saint Petersburg
78%
1950Stockholm
70%
1896Budapest
65%
1907Philadelphia
64%
1933Osaka
63%
1966Oslo
62%
1954Toronto
62%
1912Hamburg
62%
1904Athens
62%
1934Copenhagen
61%
1959Lisbon
58%
1896Glasgow
54%
1966Montreal
50%
1960Kiev
49%
1913Buenos Aires
44%
1957Nagoya
31%
1955Cleveland
28%
1966Tbilisi
8%

Score Distribution

Percentile by Number Answered

Percent of People with Each Score

Your Score History

You have not taken this quiz